Costanzo Physiology / (Record no. 595578)
[ view plain ]
| 000 -LEADER | |
|---|---|
| fixed length control field | 00381nam a22001457a 4500 |
| 020 ## - INTERNATIONAL STANDARD BOOK NUMBER | |
| International Standard Book Number | 9780323793339 |
| 082 ## - DEWEY DECIMAL CLASSIFICATION NUMBER | |
| Classification number | 612 |
| Author Mark | COS |
| 100 ## - MAIN ENTRY--PERSONAL NAME | |
| Personal name | Costanzo, Linda S. |
| 9 (RLIN) | 113312 |
| 245 ## - TITLE STATEMENT | |
| Title | Costanzo Physiology / |
| Statement of responsibility, etc. | Linda S. Costanzo |
| 250 ## - EDITION STATEMENT | |
| Edition statement | 7th Edition. |
| 260 ## - PUBLICATION, DISTRIBUTION, ETC. | |
| Place of publication, distribution, etc. | Philadelphia : |
| Name of publisher, distributor, etc. | Wolters Kluwer, |
| Date of publication, distribution, etc. | 2022. |
| 300 ## - PHYSICAL DESCRIPTION | |
| Extent | 518 p. ; |
| Other physical details | ill, |
| Dimensions | 24 cm. |
| 563 ## - BINDING INFORMATION | |
| Binding note | PBK. |
| 942 ## - ADDED ENTRY ELEMENTS (KOHA) | |
| Source of classification or shelving scheme | |
| Koha item type | Book |
| Withdrawn status | Lost status | Source of classification or shelving scheme | Damaged status | Not for loan | Permanent Location | Current Location | Shelving location | Date acquired | Source of acquisition | Cost, normal purchase price | Full call number | Barcode | Date last seen | Copy number | Cost, replacement price | Price effective from | Koha item type |
|---|---|---|---|---|---|---|---|---|---|---|---|---|---|---|---|---|---|
| NUST School of Health Sciences (NSHS) | NUST School of Health Sciences (NSHS) | General Stacks | 08/17/2023 | Prince Books | 14500.00 | 612 COS | NSHS-1557 | 08/17/2023 | c.1 | 29000.00 | 08/17/2023 | Book | |||||
| NUST School of Health Sciences (NSHS) | NUST School of Health Sciences (NSHS) | General Stacks | 08/17/2023 | Prince Books | 14500.00 | 612 COS | NSHS-1558 | 08/17/2023 | c.2 | 29000.00 | 08/17/2023 | Book |
